Guess the football stadiums - Statistics

General Stats
  • This quiz has been taken 7 times
  • The average score is 2 of 12
Answer Stats
Picture Answer % Correct
Allianz stadium
67%
Estadio do sport Lisboa e Benfica
33%
Groupama stadium
33%
Estadio Mestalla
17%
Galgenwaard
17%
Ibrox stadium
17%
Red Bull Arena
17%
Bingoal Stadion
0%
PreZero stadium
0%
Stadia Diego Armando Maradona
0%
Stadion Wojska Polskiego
0%
Şükrü Saracoğlu stadion
0%
No matching quizzes found
Score Distribution
Percent of People with Each Score
Percentile by Number Answered
Your Score History
You have not taken this quiz